[Event "Anything Goes"]
[Site "SchemingMind.com"]
[Date "2007.06.23"]
[Round "-"]
[White "egis"]
[Black "1tamad"]
[Result "1-0"]
[WhiteCountry "LTU"]
[BlackCountry "USA"]
[WhiteElo "2006"]
[WhiteRD "74"]
[BlackElo "1776"]
[BlackRD "61"]
[GameID "109821"]

1. e4 e6 2. d4 d5 3. exd5 exd5 4. Nf3 Bd6 5. Bd3 Bg4 6. O-O Ne7 7. Nc3 c6 8. Be3 Nf5 9. Bxf5 Bxf5 10. b3 O-O
11. a4 Nd7 12. Bg5 f6 13. Be3 Bg4 14. h3 Bh5 15. Qe2 f5 16. Bg5 Nf6 17. Bxf6 Qxf6 18. Rae1 Rae8 19. Qd3 Rxe1 20. Nxe1 f4
21. Nf3 Re8 22. Nd1 Bg6 23. Qc3 Bh5 24. Qd3 Bg6 25. Qd2 Be4 26. Ne1 Qf5 27. f3 g5 28. Nf2 Qg6 29. fxe4 dxe4 30. Ng4 e3
31. Qe2 h5 32. Nh2 Kg7 33. Nd3 Kh6 34. c4 Qe4 35. Nc5 Qxd4 36. Nxb7 Bb4 37. Nf3 Qd7 38. Qb2 Kg6 39. Qc2+ Kh6 40. Rd1 Qxb7
41. Qf5 Qe7 42. Rd7 Rf8 43. Qd3 Qxd7 44. Qxd7 g4 45. Qxc6+ Kh7 46. Ng5+
1-0

[Event "Anything Goes"]
[Site "SchemingMind.com"]
[Date "2007.06.19"]
[Round "-"]
[White "Adunatos"]
[Black "1tamad"]
[Result "1-0"]
[WhiteCountry "NED"]
[BlackCountry "USA"]
[WhiteElo "2252"]
[WhiteRD "64"]
[BlackElo "1766"]
[BlackRD "73"]
[GameID "109822"]

1. d4 d5 2. c4 e6 3. Nc3 Nf6 4. cxd5 exd5 5. Bg5 Be7 6. e3 Ne4 7. Bxe7 Nxc3 8. Bxd8 Nxd1 9. Bxc7 Nxb2 10. Rb1 Nc4
11. Rb5 Na6 12. Bf4 O-O 13. Rxd5 Be6 14. Bxc4 Rac8 15. Bb3 Bxd5 16. Bxd5 Nb4 17. Be4 Rfe8 18. f3 b6 19. Ne2 Nxa2 20. Kd2 a5
21. Rc1 Nxc1 22. Nxc1 b5 23. Bf5 Ra8 24. Bd7 Reb8 25. Bxb8 Rxb8 26. Bc6 a4 27. Kc3 b4+ 28. Kb2 a3+ 29. Kb3 g6 30. e4 Kf8
31. Bd5 Ke7 32. Na2
1-0

[Event "Anything Goes"]
[Site "SchemingMind.com"]
[Date "2007.06.19"]
[Round "-"]
[White "badbishop"]
[Black "1tamad"]
[Result "1-0"]
[WhiteCountry "POL"]
[BlackCountry "USA"]
[WhiteElo "2207"]
[WhiteRD "82"]
[BlackElo "1810"]
[BlackRD "85"]
[GameID "109823"]

1. d4 d5 2. c4 e6 3. Nc3 Nf6 4. cxd5 exd5 5. Bg5 Be7 6. e3 O-O 7. Bd3 c6 8. Qc2 h6 9. Bh4 Bg4 10. h3 Be6
11. Nge2 a5 12. g4 Nfd7 13. Bxe7 Qxe7 14. Nf4 Na6 15. a3 b5 16. Nce2 Rab8 17. Qxc6 Rb6 18. Qc2 b4 19. O-O Nf6 20. Nxe6 Qxe6
21. Nf4 Qd7 22. Bxa6 Rxa6 23. axb4 a4 24. Rfc1 Ne4 25. Nd3 f5 26. f3 fxg4 27. fxe4 gxh3 28. Ne5 Qe7 29. Rf1 Qg5+ 30. Kh2 Re8
31. Qf2 Rf6 32. Qg3
1-0

[Event "Anything Goes"]
[Site "SchemingMind.com"]
[Date "2007.06.24"]
[Round "-"]
[White "ajedrez perfecto"]
[Black "1tamad"]
[Result "1-0"]
[WhiteCountry "BAH"]
[BlackCountry "USA"]
[WhiteElo "2188"]
[WhiteRD "88"]
[BlackElo "1810"]
[BlackRD "85"]
[GameID "109824"]

1. e4 e6 2. d4 d5 3. Nc3 Bb4 4. e5 Ne7 5. a3 Ba5 6. b4 Bb6 7. Na4 c6 8. Nxb6 Qxb6 9. c3 a5 10. Rb1 axb4
11. axb4 O-O 12. Bd3 Nd7 13. Qh5 Ng6 14. Nf3 Ra2 15. Ng5 h6 16. Nxf7 Rxf7 17. Qxg6 Nxe5 18. dxe5 Qxf2+ 19. Kd1 Bd7 20. Re1 c5
21. b5 c4 22. Qh7+ Kf8 23. Be3
1-0

[Event "Anything Goes"]
[Site "SchemingMind.com"]
[Date "2007.06.18"]
[Round "-"]
[White "Gordon"]
[Black "Louis Lima"]
[Result "1-0"]
[WhiteCountry "ENG"]
[BlackCountry "ESP"]
[WhiteElo "2356"]
[WhiteRD "79"]
[BlackElo "1709"]
[BlackRD "63"]
[GameID "109841"]

1. e4 c5 2. Nf3 g6 3. d4 cxd4 4. Nxd4 Nc6 5. c4 Nf6 6. Nc3 d6 7. Nc2 Bg7 8. Be2 O-O 9. O-O Nd7 10. Bd2 a5
11. Na3 Nc5 12. Nab5 Nd4 13. Nxd4 Bxd4 14. Bh6 Bg7 15. Bxg7 Kxg7 16. f4 Qb6 17. Qd4+ f6 18. Nd5 Qd8 19. e5 dxe5 20. Qxc5
1-0

[Event "Anything Goes"]
[Site "SchemingMind.com"]
[Date "2007.06.19"]
[Round "-"]
[White "Gordon"]
[Black "e_castle3"]
[Result "1-0"]
[WhiteCountry "ENG"]
[BlackCountry "PHI"]
[WhiteElo "2336"]
[WhiteRD "75"]
[BlackElo "1843"]
[BlackRD "71"]
[GameID "109842"]

1. e4 Nc6 2. d4 d5 3. exd5 Qxd5 4. Nf3 Bg4 5. Be2 O-O-O 6. c4 Qe4 7. Nc3 Qg6 8. Be3 Nh6 9. d5 Bxf3 10. Bxf3 a6
11. Qe2 Nb4 12. O-O a5 13. a3 Na6 14. c5 Nb8 15. c6 e5 16. Qb5 b6 17. Bxb6
1-0

[Event "Anything Goes"]
[Site "SchemingMind.com"]
[Date "2007.06.18"]
[Round "-"]
[White "Gordon"]
[Black "griffimv"]
[Result "1/2-1/2"]
[WhiteCountry "ENG"]
[BlackCountry "INT"]
[WhiteElo "2361"]
[WhiteRD "78"]
[BlackElo "2375"]
[BlackRD "81"]
[GameID "109843"]

1. e4 c5 2. Nf3 d6 3. d4 cxd4 4. Nxd4 Nf6 5. Nc3 a6 6. Bg5 e6 7. f4 Qb6 8. Qd2 Qxb2 9. Rb1 Qa3 10. e5 dxe5
11. fxe5 Nfd7 12. Ne4 h6 13. Bh4 Qxa2 14. Rd1 Qd5 15. Qe3 Qxe5 16. Be2 Bc5 17. Bg3 Bxd4 18. Rxd4 Qa5+ 19. Rd2 O-O 20. Bd6 Rd8
21. Qg3 Qf5 22. Bf3 Nc6 23. O-O Qg6 24. Qh4 Nf6 25. Nxf6+ Qxf6 26. Qxf6 gxf6 27. Bxc6 bxc6 28. Rxf6 Kg7 29. Rf3 f6 30. Rd4 Rd7
31. Rg4+ Kf7 32. Be5 f5 33. Rg7+ Kf8 34. Rg6 Rd5 35. Re3 a5 36. Rxh6 a4 37. Rh8+ Kf7 38. Rh7+ Kf8 39. Rh8+=
1/2-1/2

[Event "Anything Goes"]
[Site "SchemingMind.com"]
[Date "2007.06.18"]
[Round "-"]
[White "Gordon"]
[Black "fourluxflakes"]
[Result "1-0"]
[WhiteCountry "ENG"]
[BlackCountry "ENG"]
[WhiteElo "2335"]
[WhiteRD "75"]
[BlackElo "1952"]
[BlackRD "72"]
[GameID "109844"]

1. e4 c5 2. Nf3 Nc6 3. d4 cxd4 4. Nxd4 e6 5. Nc3 Qc7 6. Be3 a6 7. Qd2 b5 8. Nxc6 dxc6 9. O-O-O e5 10. f3 Be6
11. Qe1 Bb4 12. Nxb5 axb5 13. Qxb4 Rxa2 14. Kb1 Qb7 15. Qd6 Qa8 16. Kc1 Ra1+ 17. Kd2 Rxd1+ 18. Kxd1 Qd8 19. Qxd8+ Kxd8 20. Bd3 Nf6
21. Ke2 Kd7 22. Ra1 Rc8 23. Bc5 Rc7 24. Rd1 Kc8 25. Bd6 Ra7 26. Bxe5 Ne8 27. b3 f6 28. Ra1 Rxa1 29. Bxa1 Nc7 30. Ke3 Na6
31. Bc3 Nc5 32. Be2 Nd7 33. f4 Kc7 34. g4 h6 35. h4 g6 36. h5 gxh5 37. gxh5 Kd6 38. f5 Bf7 39. Bb4+ Ke5 40. Be1 Kd6
41. Bg3+
1-0

[Event "Anything Goes"]
[Site "SchemingMind.com"]
[Date "2007.06.23"]
[Round "-"]
[White "Gordon"]
[Black "egis"]
[Result "1-0"]
[WhiteCountry "ENG"]
[BlackCountry "LTU"]
[WhiteElo "2335"]
[WhiteRD "75"]
[BlackElo "2005"]
[BlackRD "74"]
[GameID "109845"]

1. e4 c5 2. Nf3 Nc6 3. d4 cxd4 4. Nxd4 Qa5+ 5. Nc3 Nxd4 6. Qxd4 e6 7. Bd2 Qd8 8. Nb5 a6 9. Nd6+ Bxd6 10. Qxd6 Ne7
11. O-O-O O-O 12. Be3 Nc6 13. Be2 b5 14. Kb1 Qa5 15. Rd3 Bb7 16. Bc5 b4 17. Rhd1 Rfb8 18. Rg3 g6 19. h4 Kg7 20. h5 Kg8
21. hxg6 hxg6 22. Rh1 b3 23. axb3 Qe1+ 24. Rxe1 Rc8 25. Rh1 Kg7 26. Bd4+ Nxd4 27. Qxd4+ e5 28. Qxe5+ f6 29. Qe7+
1-0

[Event "Anything Goes"]
[Site "SchemingMind.com"]
[Date "2007.06.19"]
[Round "-"]
[White "Gordon"]
[Black "1tamad"]
[Result "1-0"]
[WhiteCountry "ENG"]
[BlackCountry "USA"]
[WhiteElo "2336"]
[WhiteRD "75"]
[BlackElo "1869"]
[BlackRD "91"]
[GameID "109846"]

1. e4 d6 2. d4 Nf6 3. Nc3 g6 4. Nf3 Bg7 5. Be3 O-O 6. Qd2 c6 7. Bh6 Bg4 8. Bxg7 Kxg7 9. Ng5 e5 10. h3 Bd7
11. Be2 h6 12. Nf3 exd4 13. Qxd4 Qe7 14. O-O-O Re8 15. Rhe1 Kg8 16. Bc4 Be6 17. Bxe6 Qxe6 18. e5 Nd5 19. exd6 Qd7 20. Ne5 Qxd6
21. Nxg6
1-0

[Event "Anything Goes"]
[Site "SchemingMind.com"]
[Date "2007.06.18"]
[Round "-"]
[White "Gordon"]
[Black "Adunatos"]
[Result "1-0"]
[WhiteCountry "ENG"]
[BlackCountry "NED"]
[WhiteElo "2335"]
[WhiteRD "75"]
[BlackElo "2252"]
[BlackRD "64"]
[GameID "109847"]

1. e4 e6 2. d4 d5 3. Nc3 Nf6 4. e5 Nfd7 5. f4 c5 6. Nf3 Nc6 7. Be3 a6 8. Qd2 b5 9. a3 Bb7 10. Bd3 cxd4
11. Nxd4 Nxd4 12. Bxd4 Bc5 13. Ne2 Qh4+ 14. g3 Qh3 15. Ng1 Qg4 16. Be2 Qg6 17. Nf3 O-O 18. O-O Rfc8 19. Bd3 Qh6 20. c3 Rc7
21. Ng5 g6 22. h4 Rac8 23. h5 Be7 24. hxg6 hxg6 25. Rf2 Qg7 26. Rh2 Bxg5 27. fxg5 Nb8 28. Kg2
1-0

[Event "Anything Goes"]
[Site "SchemingMind.com"]
[Date "2007.06.18"]
[Round "-"]
[White "Gordon"]
[Black "badbishop"]
[Result "1-0"]
[WhiteCountry "ENG"]
[BlackCountry "POL"]
[WhiteElo "2335"]
[WhiteRD "75"]
[BlackElo "2211"]
[BlackRD "75"]
[GameID "109848"]

1. e4 c5 2. Nf3 d6 3. d4 cxd4 4. Nxd4 Nf6 5. Nc3 a6 6. Be3 e6 7. f3 Be7 8. Qd2 O-O 9. O-O-O Nc6 10. g4 Nxd4
11. Bxd4 b5 12. g5 Nd7 13. h4 Qa5 14. Kb1 b4 15. Ne2 e5 16. Be3 Nc5 17. Nc1 Be6 18. Bh3 Rfd8 19. g6 hxg6 20. Bxe6 Nxe6
21. h5 g5 22. h6 g6 23. Nd3 Rab8 24. a3 Kh7 25. Nxb4 Qb5 26. Qd5 Qa4 27. b3 Qxa3 28. Nc6 Re8 29. Bc1 Qa4 30. Nxe7 Rxe7
31. Qxd6 Rc7 32. Bb2 Qc6 33. Qxc6 Rxc6 34. Rd7
1-0

[Event "Anything Goes"]
[Site "SchemingMind.com"]
[Date "2007.06.24"]
[Round "-"]
[White "Gordon"]
[Black "ajedrez perfecto"]
[Result "1/2-1/2"]
[WhiteCountry "ENG"]
[BlackCountry "BAH"]
[WhiteElo "2337"]
[WhiteRD "74"]
[BlackElo "2199"]
[BlackRD "79"]
[GameID "109849"]

1. e4 e5 2. Nf3 Nc6 3. Bb5 a6 4. Bxc6 dxc6 5. O-O f6 6. d4 exd4 7. Nxd4 c5 8. Ne2 Qxd1 9. Rxd1 Bd7 10. Nbc3 Ne7
11. Be3 Nc6 12. Rd2 Bd6 13. Rad1 O-O-O 14. Nd5 Rhe8 15. f3 Be6 16. Kf2 Ne5 17. b3 c4 18. Ng3 Bf8 19. h3 c6 20. Nb6+ Kc7
21. f4 Rxd2+ 22. Rxd2 cxb3 23. cxb3 Nd7 24. Nxd7 Bxd7 25. Bb6+ Kc8 26. Kf3 g6 27. Nf1 f5 28. e5 Be6 29. Ne3 Bb4 30. Rd4 Be7
31. g4 h5 32. g5 Bd8= 33. Bc5 Bc7 34. Nc4 Bxc4 35. bxc4=
1/2-1/2

[Event "Anything Goes"]
[Site "SchemingMind.com"]
[Date "2007.06.19"]
[Round "-"]
[White "Louis Lima"]
[Black "Gordon"]
[Result "0-1"]
[WhiteCountry "ESP"]
[BlackCountry "ENG"]
[WhiteElo "1690"]
[WhiteRD "68"]
[BlackElo "2360"]
[BlackRD "83"]
[GameID "109850"]

1. e4 c5 2. Nc3 Nc6 3. f4 g6 4. Nf3 Bg7 5. Bb5 Nd4 6. O-O Nxb5 7. Nxb5 d5 8. exd5 a6 9. Nc3 Nf6 10. d4 c4
11. Qe2 Nxd5 12. Qxc4 Be6 13. Qe2 Nxc3 14. bxc3 Rc8 15. Re1 Rxc3 16. Bb2 Rc7 17. c3 O-O 18. Ng5 Bc4 19. Qg4 h6 20. Nf3 Qc8
21. Qg3 Qf5 22. Ne5 Bd5 23. Qe3 h5 24. h3 Bh6 25. Rf1 f6 26. g4 Qe4 27. Qxe4 Bxe4
0-1

[Event "Anything Goes"]
[Site "SchemingMind.com"]
[Date "2007.06.19"]
[Round "-"]
[White "e_castle3"]
[Black "Gordon"]
[Result "0-1"]
[WhiteCountry "PHI"]
[BlackCountry "ENG"]
[WhiteElo "1873"]
[WhiteRD "73"]
[BlackElo "2356"]
[BlackRD "79"]
[GameID "109851"]

1. f4 Nf6 2. Nf3 g6 3. Nc3 d5 4. e3 Bg7 5. Be2 O-O 6. O-O c5 7. d4 b6 8. Ne5 Bb7 9. a3 Nc6 10. Rb1 Qc7
11. Nb5 Qc8 12. b4 a6 13. Nc3 cxd4 14. exd4 Nxe5 15. fxe5 Qxc3 16. exf6 Bxf6 17. Bb2 Qe3+ 18. Kh1 Qe6 19. Qd3 Rfc8 20. Rbe1 Qe4
21. Qxe4 dxe4 22. c3 Bd5 23. Bg4 Rc7 24. Kg1 h5 25. Bh3 Bg7 26. Re3 f5 27. Bc1 Rac8 28. Bd2 Bh6 29. Rg3 Bxd2 30. Rxg6+ Kf7
31. Bxf5 Bc4 32. Rd1 Be3+ 33. Kh1 Be2 34. Re1 Rxc3 35. h4 Rc1
0-1

[Event "Anything Goes"]
[Site "SchemingMind.com"]
[Date "2007.06.18"]
[Round "-"]
[White "griffimv"]
[Black "Gordon"]
[Result "1-0"]
[WhiteCountry "INT"]
[BlackCountry "ENG"]
[WhiteElo "2375"]
[WhiteRD "81"]
[BlackElo "2361"]
[BlackRD "78"]
[GameID "109852"]

1. e4 e6 2. d4 d5 3. Nc3 Bb4 4. e5 c5 5. a3 Bxc3+ 6. bxc3 Ne7 7. Qg4 O-O 8. Bd3 f5 9. exf6 Rxf6 10. Bg5 Rf7
11. Qh5 g6 12. Qd1 Qa5 13. Bd2 Nbc6 14. Nf3 c4 15. Be2 Bd7 16. O-O Nf5 17. Ng5 Re7 18. f4 Nd6 19. Bf3 Rf8 20. Re1 h6
21. Nh3 Kg7 22. Nf2 Nf5 23. Rb1 b5 24. Qc1 Rfe8 25. Ng4 a6 26. Ne5 Nxe5 27. fxe5 Rf7 28. Rf1 Kg8 29. Be2 Ref8 30. g4 Ng7
31. Rxf7 Rxf7 32. Bxh6 Qxc3 33. Qb2 Qh3 34. Bg5 c3 35. Qc1 b4 36. Rxb4 Bb5 37. Qd1 Rf3 38. Bxf3
1-0

[Event "Anything Goes"]
[Site "SchemingMind.com"]
[Date "2007.06.19"]
[Round "-"]
[White "fourluxflakes"]
[Black "Gordon"]
[Result "0-1"]
[WhiteCountry "ENG"]
[BlackCountry "ENG"]
[WhiteElo "1947"]
[WhiteRD "66"]
[BlackElo "2403"]
[BlackRD "79"]
[GameID "109853"]

1. d4 Nf6 2. c4 e6 3. Nf3 b6 4. a3 Ba6 5. Qc2 Bb7 6. Nc3 c5 7. dxc5 bxc5 8. Bf4 Be7 9. e3 Nh5 10. Bg3 Nc6
11. Be2 Nxg3 12. hxg3 h6 13. Rd1 Qb6 14. O-O d6 15. Na4 Qc7 16. b3 O-O 17. Rd2 Rfd8 18. Nc3 a6 19. Rfd1 Rab8 20. Bf1 Qa5
21. Ne4 Qxa3 22. Nxd6 Ba8 23. Rd3 Nb4
0-1

[Event "Anything Goes"]
[Site "SchemingMind.com"]
[Date "2007.06.23"]
[Round "-"]
[White "egis"]
[Black "Gordon"]
[Result "0-1"]
[WhiteCountry "LTU"]
[BlackCountry "ENG"]
[WhiteElo "2026"]
[WhiteRD "72"]
[BlackElo "2322"]
[BlackRD "73"]
[GameID "109854"]

1. e4 e5 2. Nf3 Nc6 3. d4 exd4 4. Nxd4 Bc5 5. Be3 Qf6 6. c3 Nge7 7. Be2 O-O 8. O-O d5 9. Nb3 Bxe3 10. fxe3 Qg5
11. Qd3 Ne5 12. Qd4 N7c6 13. Qd2 dxe4 14. Nd4 Rd8 15. b4 Bh3 16. Rf2 Rd6 17. Na3 Rf6 18. Bd1 Rg6 19. Nxc6 bxc6 20. Nc2 Nd3
21. Re2 Bg4 22. g3 Rd8 23. Nd4 Rf6 24. h4 Qe5 25. Rh2 Bxd1 26. Rxd1 Qxg3+ 27. Rg2 Qxh4 28. Rh2 Rg6+ 29. Kh1 Qf6 30. Qe2 Rd5
31. Rf1 Rdg5 32. c4 Qe5 33. Rh3 Rg3 34. Qh2 Rxh3 35. Qxh3 Rh6 36. Qxh6 gxh6 37. Nf5 Nxb4 38. Nxh6+ Kf8 39. Nxf7 Qh5+ 40. Kg2 Qxf7
41. a4 Nc2 42. Rxf7+ Kxf7 43. Kf2 h5 44. Ke2 h4 45. Kf2 Nxe3 46. Kxe3 h3 47. Kd4 h2 48. Kxe4 h1=Q+ 49. Kd4 Ke6 50. c5 Qd5+
51. Kc3 Ke5 52. a5 Qd4+ 53. Kc2 Ke4 54. Kb3 Kd3
0-1

[Event "Anything Goes"]
[Site "SchemingMind.com"]
[Date "2007.06.19"]
[Round "-"]
[White "1tamad"]
[Black "Gordon"]
[Result "0-1"]
[WhiteCountry "USA"]
[BlackCountry "ENG"]
[WhiteElo "1869"]
[WhiteRD "91"]
[BlackElo "2336"]
[BlackRD "75"]
[GameID "109855"]

1. d4 Nf6 2. e3 d5 3. Bd3 c5 4. c3 Nc6 5. f4 Bg4 6. Nf3 e6 7. O-O Bd6 8. Nbd2 cxd4 9. cxd4 Rc8 10. a3 O-O
11. Qe1 Bf5 12. Bxf5 exf5 13. Ne5 Qb6 14. Kh1 Ne7 15. Rf3 Rc2 16. Rh3 Rfc8 17. Ndf3 Ne4 18. Nd2 Qa5
0-1

[Event "Anything Goes"]
[Site "SchemingMind.com"]
[Date "2007.06.18"]
[Round "-"]
[White "Adunatos"]
[Black "Gordon"]
[Result "1/2-1/2"]
[WhiteCountry "NED"]
[BlackCountry "ENG"]
[WhiteElo "2294"]
[WhiteRD "67"]
[BlackElo "2337"]
[BlackRD "74"]
[GameID "109856"]

1. d4 Nf6 2. c4 e6 3. Nc3 Bb4 4. e3 b6 5. Ne2 c5 6. a3 Ba5 7. Nf4 Nc6 8. Bd3 e5 9. dxe5 Bxc3+ 10. bxc3 Nxe5
11. O-O O-O 12. f3 Nxd3 13. Qxd3 Qc7 14. e4 Bb7 15. Rd1 Qe5 16. a4 Rfe8 17. a5 h6 18. Nd5 Bxd5 19. cxd5 d6 20. Bd2 Nd7
21. Re1 Re7 22. c4 Rae8 23. Ra2 Qf6 24. Rea1 bxa5 25. Rxa5 Rb8 26. h3 Ne5 27. Qc3 Qh4 28. f4 Ng6 29. Qe3 f5 30. Rxa7 Rxe4
31. Qc3 Qf6 32. Qxf6 gxf6 33. R1a3 Nxf4 34. Rg3+ Kh8 35. Bxf4 Rxf4 36. Rg6 h5 37. Rxf6 Rxc4 38. Rxd6 f4 39. Rdd7 Rd4 40. Rh7+ Kg8
41. Rag7+ Kf8 42. Rd7 Kg8 43. Rhg7+ Kh8 44. Rge7 Rd2 45. Rh7+ Kg8 46. Rdg7+ Kf8 47. Rf7+ Kg8 48. Rhg7+ Kh8 49. Rg5 Rd4 50. Rxh5+ Kg8
51. Rff5 Rb1+ 52. Kh2 Rb7 53. Rhg5+ Rg7 54. d6 Rxg5 55. Rxg5+ Kh7 56. Rxc5 Rxd6 57. Rc4 Rf6 58. Kg1 f3 59. g4 f2+ 60. Kf1 Rf3
61. h4 Kg6 62. Ra4 Kg7 63. g5 Kg6 64. Ra6+ Kh7 65. Rf6 Rxf6 66. gxf6 Kg6 67. Kxf2=
1/2-1/2

[Event "Anything Goes"]
[Site "SchemingMind.com"]
[Date "2007.06.19"]
[Round "-"]
[White "badbishop"]
[Black "Gordon"]
[Result "1-0"]
[WhiteCountry "POL"]
[BlackCountry "ENG"]
[WhiteElo "2228"]
[WhiteRD "75"]
[BlackElo "2361"]
[BlackRD "78"]
[GameID "109857"]

1. d4 Nf6 2. c4 e6 3. Nc3 Bb4 4. e3 b6 5. Ne2 c5 6. a3 Ba5 7. Rb1 Na6 8. Qa4 Bb7 9. Bd2 Bc6 10. Qc2 O-O
11. Ng3 Bb7 12. d5 Bxc3 13. Bxc3 exd5 14. cxd5 Nxd5 15. Nf5 Nxc3 16. Qxc3 Qg5 17. Nd6 Nc7 18. Nxb7 Qd5 19. Nxc5 bxc5 20. f3 Rfe8
21. Bc4 Qg5 22. Kf2 d5 23. Bb3 d4 24. exd4 cxd4 25. Bxf7+ Kf8 26. Qxc7 Rac8 27. Qd6+ Kxf7 28. g4 Red8 29. Qa6 Rc2+ 30. Kg3 Qd2
31. Rbe1 Qf2+ 32. Kf4 Rf8 33. Qe6#
1-0

[Event "Anything Goes"]
[Site "SchemingMind.com"]
[Date "2007.06.24"]
[Round "-"]
[White "ajedrez perfecto"]
[Black "Gordon"]
[Result "1/2-1/2"]
[WhiteCountry "BAH"]
[BlackCountry "ENG"]
[WhiteElo "2199"]
[WhiteRD "79"]
[BlackElo "2337"]
[BlackRD "74"]
[GameID "109858"]

1. e4 c5 2. Nf3 d6 3. Bc4 Nf6 4. Nc3 e6 5. d4 cxd4 6. Nxd4 a6 7. Bd3 Be7 8. O-O O-O 9. Qf3 Bd7 10. Rd1 Nc6
11. Nxc6 Bxc6 12. Qh3 Qc7 13. Be3 Rac8 14. Re1 Rfd8 15. a4 g6 16. a5 Nd7 17. Bd4 Bf6 18. Bxf6 Nxf6 19. Qh6 Qe7 20. Qe3 Ng4
21. Qg3 Ne5 22. Be2 Be8 23. Red1 Qc7 24. Kh1 Qc5 25. f4 Nc4 26. Bxc4 Qxc4 27. f5 Qb4 28. Qg5 f6 29. Qh6 Qxb2 30. fxe6 Qxc3
31. e7 Bc6 32. exd8=R+ Rxd8 33. Qf4 Kg7 34. Rac1=
1/2-1/2